Logo CIB grande

Longitudinal structural equation modeling (Registro nro. 237505)

Detalles MARC
000 -LEADER
campo de control de longitud fija 00663nam a2200217Ia 4500
005 - FECHA Y HORA DE LA ÚLTIMA TRANSACCIÓN
campo de control 20250425162835.0
008 - DATOS DE LONGITUD FIJA--INFORMACIÓN GENERAL
campo de control de longitud fija 250425s9999 xx 000 0 und d
020 ## - NÚMERO INTERNACIONAL ESTÁNDAR DEL LIBRO
Número Internacional Estándar del Libro 9781462510160
041 ## - CÓDIGO DE IDIOMA
Código de lengua del texto/banda sonora o título independiente eng
082 ## - NÚMERO DE LA CLASIFICACIÓN DECIMAL DEWEY
Número de clasificación 001.433
Iniciales del Autor LIT
010 ## - NÚMERO DE CONTROL DE LA BIBLIOTECA DEL CONGRESO
Número de control de LC 112337
100 ## - ENTRADA PRINCIPAL--NOMBRE DE PERSONA
Nombre de persona Little, Todd D
245 #0 - MENCIÓN DEL TÍTULO
Título Longitudinal structural equation modeling
Mención de responsabilidad, etc. Todd D. Little
260 ## - PUBLICACIÓN, DISTRIBUCIÓN, ETC.
Lugar de publicación, distribución, etc. New York
Nombre del editor, distribuidor, etc. The Guilford Press
Fecha de publicación, distribución, etc. 2013
300 ## - DESCRIPCIÓN FÍSICA
Extensión 386 páginas
Otras características físicas gráficos
Dimensiones 26 cm.
504 ## - NOTA DE BIBLIOGRAFÍA, ETC.
Nota de bibliografía, etc. Nota Includes bibliographical references (pages 355-366) and index
650 ## - PUNTO DE ACCESO ADICIONAL DE MATERIA--TÉRMINO DE MATERIA
Término de materia o nombre geográfico como elemento de entrada Longitudinal method
650 ## - PUNTO DE ACCESO ADICIONAL DE MATERIA--TÉRMINO DE MATERIA
Término de materia o nombre geográfico como elemento de entrada Social sciences--Statistical methods
902 ## - ELEMENTOS DE DATOS B LOCAL, LDB (RLIN)
a Libro
c Impreso
942 ## - ELEMENTOS DE ENTRADA SECUNDARIOS (KOHA)
Tipo de ítem Koha Libros
Existencias
Estatus retirado Estado de pérdida Fuente de la clasificación o esquema de estantería Estado de daño No para préstamo Biblioteca de origen Biblioteca actual Fecha de adquisición Coste, precio normal de compra Etiqueta RFID Total de préstamos Signatura topográfica completa Código de barras Visto por última vez Copia número Fecha de reemplazo Tipo de ítem Koha Nota pública forma de adquisición
    Clasificación Decimal Dewey     ESCUELA DE NEGOCIOS CENTRO DE INFORMACIÓN BIBLIOTECARIA 17/05/2023 120.00 0000000000000000035823   001.433 LIT 80728 08/08/2025 1 08/08/2025 Libros CIB Compra / Multilibro

Copyright 2025 ESPOL. Todos los derechos reservados.